[Event "Wch Seniors 12th"]
[Site "Naumburg"]
[Date "2002.11.02"]
[Round "11"]
[White "Klebaner, Yakov"]
[Black "Koerver, Erich"]
[Result "1/2-1/2"]
[WhiteElo "2041"]
[BlackElo "1723"]
[PlyCount "25"]
[EventDate "2002.10.21"]
[EventType "swiss"]
[EventRounds "11"]
[EventCountry "GER"]
[SourceTitle "EXT 2006"]
[Source "ChessBase"]
[SourceDate "2005.11.24"]
[SourceVersion "1"]
[SourceVersionDate "2005.11.24"]
[SourceQuality "1"]

1. e4 e5 2. Nf3 Nc6 3. Bb5 Nge7 4. c3 a6 5. Ba4 Ng6 6. 0-0 Be7 7. d4 exd4 8. cxd4 0-0 9. Nc3 d6 10. Bc2 Bg4 11. Be3 Nh4 12. Bd3 Bxf3 13. gxf3 1/2-1/2

[Event "Wch Seniors 12th"]
[Site "Naumburg"]
[Date "2002.10.31"]
[Round "9"]
[White "Koerver, Erich"]
[Black "Assmann, Siegfried"]
[Result "1/2-1/2"]
[WhiteElo "1723"]
[BlackElo "2024"]
[PlyCount "105"]
[EventDate "2002.10.21"]
[EventType "swiss"]
[EventRounds "11"]
[EventCountry "GER"]
[SourceTitle "EXT 2006"]
[Source "ChessBase"]
[SourceDate "2005.11.24"]
[SourceVersion "1"]
[SourceVersionDate "2005.11.24"]
[SourceQuality "1"]

1. e4 c5 2. Nf3 Nc6 3. d4 cxd4 4. Nxd4 g6 5. Nxc6 bxc6 6. Bd2 Bg7 7. Bc3 Nf6 8. Bd3 0-0 9. 0-0 d6 10. Qd2 Rb8 11. Na3 Be6 12. b3 Qc7 13. f4 Ne8 14. Bxg7 Nxg7 15. Nc4 d5 16. Ne3 Rbd8 17. Qf2 d4 18. Nc4 Bxc4 19. Bxc4 e6 20. Rad1 c5 21. Rd3 Qe7 22. Rh3 h5 23. Bd3 f5 24. Qg3 Kh7 25. e5 Kh6 26. Qf2 Rd7 27. Rg3 Kh7 28. Rg5 Rg8 29. Be2 Qf7 30. Qh4 Qe7 31. Rf3 Rh8 32. Qg3 Qf7 33. h4 Rg8 34. Rd3 Rc8 35. Rd1 Rb8 36. Qd3 Rc7 37. Qf3 a5 38. a4 Rd8 39. Qf2 Qe7 40. Qe1 Ra7 41. Bb5 Qb7 42. Qg3 Qf7 43. Qf2 Qe7 44. Rd3 Rg8 45. Rdg3 Qf7 46. Qd2 Rd8 47. Rd3 Re7 48. Rdg3 Qf8 49. c3 Red7 50. Rd3 dxc3 51. Qxc3 Rxd3 52. Bxd3 Qf7 53. Kh2 1/2-1/2

[Event "Wch Seniors 12th"]
[Site "Naumburg"]
[Date "2002.10.24"]
[Round "4"]
[White "Koerver, Erich"]
[Black "Will, Michael"]
[Result "0-1"]
[WhiteElo "1723"]
[BlackElo "2077"]
[PlyCount "154"]
[EventDate "2002.10.21"]
[EventType "swiss"]
[EventRounds "11"]
[EventCountry "GER"]
[SourceTitle "EXT 2006"]
[Source "ChessBase"]
[SourceDate "2005.11.24"]
[SourceVersion "1"]
[SourceVersionDate "2005.11.24"]
[SourceQuality "1"]

1. e4 c6 2. Nf3 g6 3. Bc4 d5 4. exd5 cxd5 5. Bb3 Nc6 6. d4 Bg7 7. 0-0 Nf6 8. Ne5 0-0 9. c3 Ne4 10. Qe2 e6 11. Nxc6 bxc6 12. Nd2 Nd6 13. Re1 a5 14. Ba4 Qb6 15. b3 Ba6 16. Qd1 c5 17. Nf3 Rfc8 18. Be3 Nf5 19. Rc1 Nxe3 20. fxe3 Bb5 21. Bxb5 Qxb5 22. c4 dxc4 23. Rxc4 cxd4 24. Nxd4 Qd5 25. Rxc8+ Rxc8 26. Nf3 Qc5 27. Qd2 h6 28. Rd1 g5 29. Qd3 Bf6 30. Qe2 Qf5 31. Qd3 Rd8 32. Qe2 Rxd1+ 33. Qxd1 Bc3 34. h3 g4 35. hxg4 Qxg4 36. Qd8+ Kg7 37. Qd3 Bf6 38. Qd2 Qf5 39. Nd4 Qd5 40. Nf3 Qf5 41. Nd4 Qc5 42. Nf3 e5 43. g3 e4 44. Nh2 Bc3 45. Qe2 f5 46. Nf1 Bf6 47. Kf2 Bg5 48. Nd2 Qc2 49. Nc4 Qb1 50. Qb2+ Qxb2+ 51. Nxb2 Bf6 52. Nc4 Bc3 53. Kg2 Kg6 54. Kh3 Kg5 55. Nb6 Bd2 56. Nd5 Kg6 57. a3 Kf7 58. b4 Ke6 59. Nf4+ Kd6 60. Ng2 a4 61. Kh4 Bc1 62. Kh5 Bxa3 63. Ne1 Bxb4 64. Nc2 Bc3 65. Kxh6 Bb2 66. Kg5 Ke5 67. Nb4 a3 68. g4 fxg4 69. Kxg4 Bc1 70. Na2 Bxe3 71. Kg3 Bd2 72. Kf2 Kd4 73. Ke2 e3 74. Kd1 Kd3 75. Nc1+ Bxc1 76. Kxc1 e2 77. Kb1 e1Q+ 0-1

[Event "Seefeld op 12th"]
[Site "Seefeld"]
[Date "2001.09.21"]
[Round "7"]
[White "Koerver, Erich"]
[Black "Mueller, Georg"]
[Result "0-1"]
[WhiteElo "1725"]
[BlackElo "2035"]
[PlyCount "54"]
[EventDate "2001.09.15"]
[EventType "swiss"]
[EventRounds "9"]
[EventCountry "AUT"]
[SourceTitle "EXT 2002"]
[Source "ChessBase"]
[SourceDate "2001.11.25"]
[SourceVersion "1"]
[SourceVersionDate "2001.11.25"]
[SourceQuality "1"]

1. e4 e5 2. Bc4 Nc6 3. Nf3 Nf6 4. Nc3 Bc5 5. 0-0 d6 6. h3 Be6 7. Bb5 Bd7 8. a3 a6 9. Be2 Nd4 10. d3 Nxe2+ 11. Qxe2 Qe7 12. Be3 Bxe3 13. Qxe3 0-0 14. Nh2 c6 15. f4 exf4 16. Qxf4 Nh5 17. Qe3 f5 18. Nf3 Ng3 19. Rf2 fxe4 20. Kh2 d5 21. Qg5 Qxg5 22. Nxg5 Rxf2 23. Kxg3 Rxc2 24. dxe4 Rxb2 25. exd5 Rb3 26. Rc1 cxd5 27. Kh2 Rc8 0-1

[Event "Seefeld op 12th"]
[Site "Seefeld"]
[Date "2001.09.16"]
[Round "2"]
[White "Jacob, Konrad"]
[Black "Koerver, Erich"]
[Result "1-0"]
[WhiteElo "2039"]
[BlackElo "1725"]
[PlyCount "118"]
[EventDate "2001.09.15"]
[EventType "swiss"]
[EventRounds "9"]
[EventCountry "AUT"]
[SourceTitle "EXT 2002"]
[Source "ChessBase"]
[SourceDate "2001.11.25"]
[SourceVersion "1"]
[SourceVersionDate "2001.11.25"]
[SourceQuality "1"]

1. e4 e5 2. Bc4 Nf6 3. Nf3 Bc5 4. 0-0 0-0 5. Nc3 d6 6. h3 a6 7. d3 h6 8. a3 Nc6 9. b4 Ba7 10. Bb2 Be6 11. Nd5 Bxd5 12. Bxd5 Nxd5 13. exd5 Ne7 14. c4 Nf5 15. Rc1 Re8 16. Re1 Nh4 17. c5 Ng6 18. Qb3 Rc8 19. Re4 Nf4 20. Qc3 Nxd5 21. Qc4 Nf6 22. Re2 d5 23. Qh4 e4 24. dxe4 Rxe4 25. Rxe4 dxe4 26. Bxf6 Qxf6 27. Qxe4 c6 28. Re1 Bb8 29. Qe7 Qxe7 30. Rxe7 Bc7 31. Rd7 Kf8 32. Kf1 Ke8 33. Rd3 Bf4 34. Ke2 Bc1 35. Ne5 Rd8 36. Rxd8+ Kxd8 37. Nxf7+ Ke7 38. Nd6 Bxa3 39. Nxb7 Bxb4 40. Kd3 Kd7 41. Kc4 Be1 42. f3 Bg3 43. Na5 Bc7 44. Nb3 Bg3 45. Nd4 Be5 46. Ne2 Ke6 47. f4 Bf6 48. g4 g6 49. Nc1 a5 50. Nb3 a4 51. Na5 a3 52. Kb3 Kd5 53. Nb7 Bd4 54. h4 Ke4 55. f5 gxf5 56. Nd6+ Ke5 57. Nxf5 Bxc5 58. Nxh6 Be3 59. g5 Bf2 1-0

[Event "Seefeld op 12th"]
[Site "Seefeld"]
[Date "2001.09.15"]
[Round "1"]
[White "Koerver, Erich"]
[Black "Oettinger, Hagen"]
[Result "0-1"]
[WhiteElo "1725"]
[BlackElo "2155"]
[PlyCount "60"]
[EventDate "2001.09.15"]
[EventType "swiss"]
[EventRounds "9"]
[EventCountry "AUT"]
[SourceTitle "EXT 2002"]
[Source "ChessBase"]
[SourceDate "2001.11.25"]
[SourceVersion "1"]
[SourceVersionDate "2001.11.25"]
[SourceQuality "1"]

1. e4 e6 2. d4 d5 3. exd5 exd5 4. Nf3 Nf6 5. Bd3 Be7 6. 0-0 0-0 7. Nc3 c6 8. h3 b5 9. Bf4 Nbd7 10. Ne2 a5 11. a3 Nb6 12. b3 a4 13. b4 Nc4 14. Bxc4 dxc4 15. c3 Nd5 16. Bg3 Bf5 17. Rc1 Bd6 18. Re1 Qc7 19. Bxd6 Qxd6 20. Ng3 Bg6 21. Ne5 Rae8 22. Qd2 Re6 23. Nxg6 Rxg6 24. Re2 Nf4 25. Re3 h5 26. Rf3 Nxh3+ 27. Kf1 Ng5 28. Rf5 h4 29. Rxg5 hxg3 30. fxg3 Qf6+ 0-1